000 00735nam a2200217 a 4500
999 _c6432
_d6432
001 6432
003 BD-JhCC
005 20180123193432.0
008 180123s1993 bg ||||| |||| 00| 0 ben d
035 _a(BD-JhCC)
040 _aBD-JhCC
_dBD-JhCC
041 _aben
082 _a297.124
_bULL 1993
100 _aউল্লাহ, ছাখাওয়াত
245 _aহায়াতে হযরত ইমাম গাজ্জালী (রহঃ) জীবন কাহিনী /
_cছাখাওয়াত উল্লাহ
260 _aঢাকা :
_bতাবলীগী কুতুবখানা,
_c১৯৯৩
300 _a87 p. :
_c20cm.
650 _aMuslim Legend
942 _2ddc
_cBK